=LDR 00000nam 2200000 4500 =001 INLIS000000000032999 =005 20130612134959 =008 ***********************************ind** =035 ##$$0010-061300000032999 =041 ##$$a ind =082 ##$$a 028.55 =090 ##$$a 028.55, Sas a =100 ##$$a Sasongko, Setiawan G =245 ##$$a Animals Araund Us Cricket, Jangkrik, Setiawan G. Sasongko; Penerjemah, Arleen A =260 ##$$a 2007 $b Bandung =300 ##$$a 24 hlm, Ilus, 19 cm =650 ##$$a Bacaan Anak-Anak =700 ##$$a Arleen, A =850 ##$$a NBPNMAT